000 00976nam a2200277 a 4500
001 59645
003 BD-RjUL
005 20211209080744.0
008 161226r19761974cau b 001 0 eng
020 _a0875892213
035 _a(BD-RjUL) 59769
040 _aDLC
_cDLC
_dDLC
_dBD-RjUL
_beng
041 _aeng
082 0 0 _a301
_223
_bKUL 1976
100 1 _aKuhn, Alfred,
_d1914-
_9177470
245 1 4 _aThe logic of social systems :
_ba unified, deductive, system-based approach to social science /
_cAlfred Kuhn ; Foreword by Kenneth E. Boulding.
260 _aSan Francisco :
_bJossey-Bass Publishers,
_c1974 [Printing 1976]
300 _axxx, 534 p. ;
_c24 cm.
490 0 _aThe Jossey-Bass behavioral science series
504 _aBibliography: p. 510-517.
650 0 _aSocial sciences
_xMethodology.
_9170806
650 0 _aSystem theory.
_9177471
650 0 _aSocial systems.
_9171938
830 _aThe Jossey-Bass behavioral science series
_9177473
942 _2ddc
_cBK
999 _c59645
_d59645